Cook book for modern food processors and entrepreneurs / (Record no. 311)

MARC details
000 -LEADER
fixed length control field 00599nam a22001937a 4500
005 - DATE AND TIME OF LATEST TRANSACTION
control field 20230529070625.0
008 - FIXED-LENGTH DATA ELEMENTS--GENERAL INFORMATION
fixed length control field 221205b |||||||| |||| 00| 0 eng d
020 ## - INTERNATIONAL STANDARD BOOK NUMBER
International Standard Book Number 978-971-9617-08-2
082 ## - DEWEY DECIMAL CLASSIFICATION NUMBER
Classification number Fil. 641.5892 F634 2014
100 ## - MAIN ENTRY--PERSONAL NAME
Personal name Flores, Eva N.
Relator term author
245 ## - TITLE STATEMENT
Title Cook book for modern food processors and entrepreneurs /
Statement of responsibility, etc. Eva Nibrel-Flores
250 ## - EDITION STATEMENT
Edition statement 2nd ed.
260 ## - PUBLICATION, DISTRIBUTION, ETC.
Place of publication, distribution, etc. Quezon City:
Name of publisher, distributor, etc. Wiseman's Book Trading,
Date of publication, distribution, etc. c2014.
300 ## - PHYSICAL DESCRIPTION
Extent vii, 139p.;
Other physical details ill.
504 ## - BIBLIOGRAPHY, ETC. NOTE
Bibliography, etc. note Includes bibliographies
541 ## - IMMEDIATE SOURCE OF ACQUISITION NOTE
Accession number 5290
650 ## - SUBJECT ADDED ENTRY--TOPICAL TERM
Topical term or geographic name entry element Food processor cooking
650 ## - SUBJECT ADDED ENTRY--TOPICAL TERM
Topical term or geographic name entry element Food - Preservation
Holdings
Withdrawn status Lost status Source of classification or shelving scheme Damaged status Not for loan Home library Current library Date acquired Total Checkouts Full call number Barcode Date last seen Copy number Price effective from Koha item type
    Dewey Decimal Classification     ctu-moalboal ctu-moalboal 03/08/2018   Fil. 641.5892 F634 2014 5290 12/05/2022 1 12/05/2022 Books-Filipiniana